000 00936nam a2200229 i 4500
001 157517
003 ES-MaACL
005 20231103062535.0
008 040811q18801900fr a |||| | fre d
040 _aCAM
_bspa
_cCAM
100 1 _aLenôtre, G.
_971542
245 1 0 _aRédemption
_b: histoire du temps de l'Empire /
_cG. Lenotre; illustrations de Pierre Vidal.
260 _aParis :
_bMonde Illustre,
_c[s.a.]
300 _a156 p. :
_bil. ;
_c30 cm.
596 _aProbablemente fechado en las últimas décadas del siglo XIX.
596 _aAl pie de páginas consta el nº de suplemente de Le Monde Illustré con el que fue ed. cada fascículo de la obra: nº 1931 a 1956.
599 _aLa il. a color: "SGAP sc."
651 4 _aFrancia-
_xHistoria-
_y1789-1799, Revolución
_98685
700 0 _aVidal, Pierre.
_9114455
852 _aES-MaACL
_jT-779-F-1
_z-- Enc. hol.
_z-- Enc. en un vol. facticio
999 _c157517
_d157517